Statistiche per Piloti al debutto in Formula 1 dal 2010 al 2019

Clicka qui per fare il quiz!

Statistiche generali

  • Questo quiz è stato fatto 63 volte
  • Il punteggio medio è 18 su 41

Statistiche sulle risposte

AnnoRispostaNazionalitàVettura% Corretto
2018Charles LeclercMonacoSauber-Ferrari
98%
2015Max VerstappenPaesi BassiToro Rosso-Renault
92%
2019George RusselRegno UnitoWilliams-Mercedes
90%
2019Alexander AlbonTailandiaToro Rosso-Honda
88%
2019Lando NorrisRegno UnitoMcLaren-Renault
88%
2015Carlos SainzSpagnaToro Rosso-Ferrari
87%
2017Antonio GiovinazziItaliaSauber-Ferrari
85%
2017Lance StrollCanadaWilliams-Mercedes
79%
2011Sergio PerezMessicoSauber-Ferrrari
79%
2017Pierre GaslyFranciaToro Rosso-Renault
77%
2011Daniel RicciardoAustraliaHRT-Cosworth
73%
2016Esteban OconFranciaManor-Mercedes
67%
2013Valtteri BottasFinlandiaWilliams-Renault
67%
2014Kevin MagnussenDanimarcaMcLaren-Mercedes
62%
2013Jules BianchiFranciaMarussia-Cosworth
58%
2010Nico HulkenbergGermaniaWilliiams-Cosworth
56%
2014Daniil KvyatRussiaToro Rosso-Renault
54%
2011Pastor MaldonadoVenezuelaWilliams-Cosworth
50%
2016Stoffel VandoorneBelgioMcLaren-Honda
42%
2014Marcus EricssonSveziaCaterham-Renault
35%
2018Sergey SirotkinRussiaWilliams-Mercedes
33%
2016Jolyon PalmerRegno UnitoRenault
31%
2010Vitaly PetrovRussiaRenault
31%
2017Brendon HartleyNuova ZelandaToro Rosso-Renault
27%
2010Bruno SennaBrasileHRT-Cosworth
27%
2012Charles PicFranciaMarussia-Cosworth
27%
2015Felipe NasrBrasileSauber-Ferrari
27%
2016Pascal WehrleinGermaniaManor-Mercedes
27%
2013Esteban GutierrezMessicoSauber-Ferrari
21%
2016Rio HaryantoIndonesiaManor-Mercedes
21%
2015Alexander RossiStati UnitiMarussia-Ferrari
19%
2013Giedo Van Der GardePaesi BassiCaterham-Renault
17%
2012Jean-Eric VergneFranciaToro Rosso-Ferrari
17%
2010Karun ChandhokIndiaHRT-Cosworth
15%
2011Paul Di RestaRegno UnitoForce India-Mercedes
15%
2010Lucas Di GrassiBrasileVirgin-Cosworth
13%
2013Max ChiltonRegno UnitoMarussia-Cosworth
13%
2011Jérome D'AmbrosioBelgioVirgin-Cosworth
12%
2014André LottererGermaniaCaterham-Renault
10%
2015Roberto MehriSpagnaMarussia-Ferrari
10%
2014Will StevensRegno UnitoCaterham-Renault
8%

Distribuzione punteggi

Percentile per numero di risposta

Percentuale di utenti per punteggio

I tuoi punteggi nel tempo

Non hai fatto questo quiz